Les Pays dans les Alpes - Statistiques

Statistiques générales
  • Ce quiz a été pris 152 fois
  • Le résultat moyen est 7 sur 8
Statistiques - réponses
Pays % Correct
France
100%
Italie
99%
Suisse
99%
Allemagne
94%
Autriche
92%
Liechtenstein
85%
Slovénie
75%
Monaco
67%
Aucun quiz correspondant
Distribution des résultats
% des personnes avec chaque résultat
Percentile par nombre de réponses
Votre historique - résultats
Vous n’avez pas pris ce quiz